000 00447nam a2200193Ia 4500
003 GCL
008 140319s9999 xx 000 0 eng d
040 _aGCL /
_cGCL
082 0 4 _a759
_bK M
100 1 _aREY, ROBERT
245 1 0 _aMANET /
_cREY, ROBERT
260 _a[S.N] :
_bFLAMMARION ،
_c1977
300 _a95 P P
650 0 4 _aARTS
650 0 4 _aPAINTING
650 0 4 _aMANET, EDWARD
650 0 4 _aFRANCE - PAINTERS
942 _2ddc
_cBK
999 _c16955
_d16955